<?xml version="1.0" encoding="UTF-8"?>
<record
    xmlns:xsi="http://www.w3.org/2001/XMLSchema-instance"
    xsi:schemaLocation="http://www.loc.gov/MARC21/slim http://www.loc.gov/standards/marcxml/schema/MARC21slim.xsd"
    xmlns="http://www.loc.gov/MARC21/slim">

  <leader>06765cam a2200589 i 4500</leader>
  <controlfield tag="001">18664867</controlfield>
  <controlfield tag="003">OSt</controlfield>
  <controlfield tag="005">20250610133311.0</controlfield>
  <controlfield tag="008">150618t20162016enka     b    001 0 eng c</controlfield>
  <datafield tag="010" ind1=" " ind2=" ">
    <subfield code="a">  2015944382</subfield>
  </datafield>
  <datafield tag="015" ind1=" " ind2=" ">
    <subfield code="a">GBB5B9327</subfield>
    <subfield code="2">bnb</subfield>
  </datafield>
  <datafield tag="016" ind1="7" ind2=" ">
    <subfield code="a">017531529</subfield>
    <subfield code="2">Uk</subfield>
  </datafield>
  <datafield tag="020" ind1=" " ind2=" ">
    <subfield code="a">9780198755968</subfield>
    <subfield code="q">(paperback)</subfield>
  </datafield>
  <datafield tag="020" ind1=" " ind2=" ">
    <subfield code="a">9780199697311</subfield>
  </datafield>
  <datafield tag="020" ind1=" " ind2=" ">
    <subfield code="a">0199697310</subfield>
    <subfield code="q">(paperback)</subfield>
  </datafield>
  <datafield tag="035" ind1=" " ind2=" ">
    <subfield code="a">(OCoLC)ocn938286296</subfield>
  </datafield>
  <datafield tag="040" ind1=" " ind2=" ">
    <subfield code="a">AU@</subfield>
    <subfield code="b">eng</subfield>
    <subfield code="c">AU@</subfield>
    <subfield code="e">rda</subfield>
    <subfield code="d">YDXCP</subfield>
    <subfield code="d">OCLCQ</subfield>
    <subfield code="d">CDX</subfield>
    <subfield code="d">OCLCF</subfield>
    <subfield code="d">ZWZ</subfield>
    <subfield code="d">KIJ</subfield>
    <subfield code="d">GRG</subfield>
    <subfield code="d">UKWOH</subfield>
    <subfield code="d">EOS</subfield>
    <subfield code="d">UPM</subfield>
    <subfield code="d">LIP</subfield>
    <subfield code="d">ITD</subfield>
    <subfield code="d">ERD</subfield>
    <subfield code="d">DHA</subfield>
    <subfield code="d">SHS</subfield>
    <subfield code="d">OCLCQ</subfield>
    <subfield code="d">U3G</subfield>
    <subfield code="d">DLC</subfield>
  </datafield>
  <datafield tag="042" ind1=" " ind2=" ">
    <subfield code="a">pcc</subfield>
  </datafield>
  <datafield tag="050" ind1="0" ind2="0">
    <subfield code="a">HF5387</subfield>
    <subfield code="b">.C73 2016</subfield>
  </datafield>
  <datafield tag="072" ind1=" " ind2="7">
    <subfield code="a">SOC</subfield>
    <subfield code="2">eflch</subfield>
  </datafield>
  <datafield tag="072" ind1=" " ind2="7">
    <subfield code="a">SOC</subfield>
    <subfield code="2">ukslc</subfield>
  </datafield>
  <datafield tag="082" ind1="0" ind2="0">
    <subfield code="a">174.4</subfield>
    <subfield code="b">CRA/B</subfield>
  </datafield>
  <datafield tag="100" ind1="1" ind2=" ">
    <subfield code="a">Crane, Andrew,</subfield>
    <subfield code="d">1968-</subfield>
    <subfield code="e">author.</subfield>
    <subfield code="9">10556</subfield>
  </datafield>
  <datafield tag="245" ind1="1" ind2="0">
    <subfield code="a">Business ethics :</subfield>
    <subfield code="b">managing corporate citizenship and sustainability in the age of globalization /</subfield>
    <subfield code="c">Andrew Crane, Dirk Matten.</subfield>
  </datafield>
  <datafield tag="250" ind1=" " ind2=" ">
    <subfield code="a">International edition.</subfield>
  </datafield>
  <datafield tag="264" ind1=" " ind2="1">
    <subfield code="a">Oxford :</subfield>
    <subfield code="b">Oxford University Press,</subfield>
    <subfield code="c">[2016]</subfield>
  </datafield>
  <datafield tag="264" ind1=" " ind2="4">
    <subfield code="c">&#xA9;2016</subfield>
  </datafield>
  <datafield tag="300" ind1=" " ind2=" ">
    <subfield code="a">xv, 605 pages :</subfield>
    <subfield code="b">illustrations  ;</subfield>
    <subfield code="c">25 cm</subfield>
  </datafield>
  <datafield tag="336" ind1=" " ind2=" ">
    <subfield code="a">text</subfield>
    <subfield code="b">txt</subfield>
    <subfield code="2">rdacontent</subfield>
  </datafield>
  <datafield tag="337" ind1=" " ind2=" ">
    <subfield code="a">unmediated</subfield>
    <subfield code="b">n</subfield>
    <subfield code="2">rdamedia</subfield>
  </datafield>
  <datafield tag="338" ind1=" " ind2=" ">
    <subfield code="a">volume</subfield>
    <subfield code="b">nc</subfield>
    <subfield code="2">rdacarrier</subfield>
  </datafield>
  <datafield tag="500" ind1=" " ind2=" ">
    <subfield code="a">"First edition: 2004; Second edition: 2007; Third edition 2010"--Title page verso.</subfield>
  </datafield>
  <datafield tag="504" ind1=" " ind2=" ">
    <subfield code="a">Includes bibliographical references (pages 549-578) and indexes.</subfield>
  </datafield>
  <datafield tag="505" ind1="0" ind2=" ">
    <subfield code="a">Machine generated contents note: pt. A Understanding Business Ethics -- 1. Introducing Business Ethics -- What is business ethics? -- Why is business ethics important? -- Business ethics in different organizational contexts -- Globalization: a key context for business ethics? -- Sustainability: a key goal for business ethics? -- Summary -- 2. Framing Business Ethics -- Corporate Responsibility, Stakeholders, And Citizenship -- Towards a framework for business ethics -- What is a corporation? -- Corporate social responsibility -- Stakeholder theory of the firm -- Corporate citizenship -- the firm as a political actor -- Summary -- 3. Evaluating Business Ethics -- Normative Ethical Theories -- Introduction -- The role of ethical theory -- Normative ethical theories: International origins and differences -- Normative ethical theories and religion -- Western modernist ethical theories -- Alternative perspectives on ethical theory -- Summary: towards a pragmatic use of ethical theory.</subfield>
  </datafield>
  <datafield tag="505" ind1="0" ind2=" ">
    <subfield code="a">Note continued: 4. Making Decisions in Business Ethics -- Descriptive Ethical Theories -- Introduction -- What is an ethical decision? -- Models of ethical decision-making -- Individual Influences on ethical decision-making -- Situational influences on decision-making -- Summary -- 5. Managing Business Ethics -- Tools And Techniques Of Business Ethics Management -- Introduction -- What Is business ethics management? -- Setting standards of ethical behaviour: designing and implementing codes of ethics -- Managing stakeholder relations -- Assessing ethical performance -- Organizing for business ethics management -- Summary -- pt. B Contextualizing Business Ethics -- The Corporate Citizen and its Stakeholders -- 6. Shareholders and Business Ethics -- Introduction: reassessing the importance of shareholders as stakeholders -- Shareholders as stakeholders: understanding corporate governance -- Ethical Issues in corporate governance -- Shareholders and globalization.</subfield>
  </datafield>
  <datafield tag="505" ind1="0" ind2=" ">
    <subfield code="a">Note continued: Shareholders as citizens of the corporation -- Shareholding for sustainability -- Summary -- 7. Employees and Business Ethics -- Introduction -- Employees as stakeholders -- Ethical issues In the firm-employee relation -- Employing people worldwide: the ethical challenges of globalization -- The corporate citizen and employee relations -- Towards sustainable employment -- Summary -- 8. Consumers and Business Ethics -- Introduction -- Consumers as stakeholders -- Ethical issues, marketing, and the consumer -- Globalization and consumers: the ethical challenges of the global marketplace -- Consumers and corporate citizenship: consumer sovereignty and the politics of purchasing -- Sustainable consumption -- Summary -- 9. Suppliers, Competitors, and Business Ethics -- Introduction -- Suppliers and competitors as stakeholders -- Ethical issues and suppliers -- Ethical issues and competitors.</subfield>
  </datafield>
  <datafield tag="505" ind1="0" ind2=" ">
    <subfield code="a">Note continued: Globalization, suppliers, and competitors: the ethical challenges of global business networks -- The corporate citizen in business-to-business relationships: ethical sourcing and fair trade -- Sustainability and business relationships: towards industrial ecosystems? -- Summary -- 10. Civil Society and Business Ethics -- Introduction -- Civil society organizations as stakeholders -- Ethical issues and CSOs -- Globalization and civil society organizations -- Corporate citizenship and civil society: charity, collaboration, enterprise, or regulation? -- Civil society, business, and sustainability -- Summary -- 11. Government, Regulation, and Business Ethics -- Introduction -- Government as a stakeholder -- Ethical issues in the relationship between business and government -- Globalization and business-government relations -- Corporate citizenship and regulation: business as key player in the regulatory game -- Governments, business, and sustainability.</subfield>
  </datafield>
  <datafield tag="505" ind1="0" ind2=" ">
    <subfield code="a">Note continued: Summary -- 12. Conclusions and Future Perspectives -- Introduction -- The nature and scope of business ethics -- Globalization as a context for business ethics -- Sustainability as a goal for business ethics -- Corporate citizenship and business ethics -- The contribution of normative ethical theories to business ethics -- Influences on ethical decision-making -- The role of management tools in business ethics -- The role of different stakeholder constituencies in business ethics -- Trade-offs and conflicts between different stakeholder groups -- Summary.</subfield>
  </datafield>
  <datafield tag="520" ind1="8" ind2=" ">
    <subfield code="a">The fourth edition of this book introduces business ethics concepts, tools and theories, then applies them to key stakeholder groups. It takes a global approach in a market dominated by US texts. The accessible style and thorough pedagogy ensure the book is both student- and teacher-friendly.</subfield>
  </datafield>
  <datafield tag="650" ind1=" " ind2="0">
    <subfield code="a">Business ethics.</subfield>
  </datafield>
  <datafield tag="650" ind1=" " ind2="7">
    <subfield code="a">Society.</subfield>
    <subfield code="2">eflch</subfield>
  </datafield>
  <datafield tag="650" ind1=" " ind2="7">
    <subfield code="a">&#xC9;thique des affaires.</subfield>
    <subfield code="2">ram</subfield>
  </datafield>
  <datafield tag="650" ind1=" " ind2="7">
    <subfield code="a">Entreprises multinationales</subfield>
    <subfield code="x">Aspect moral.</subfield>
    <subfield code="2">ram</subfield>
  </datafield>
  <datafield tag="650" ind1=" " ind2="7">
    <subfield code="a">Politique &#xE9;conomique</subfield>
    <subfield code="x">Aspect moral.</subfield>
    <subfield code="2">ram</subfield>
  </datafield>
  <datafield tag="650" ind1=" " ind2="7">
    <subfield code="a">Mondialisation.</subfield>
    <subfield code="2">ram</subfield>
  </datafield>
  <datafield tag="650" ind1=" " ind2="7">
    <subfield code="a">D&#xE9;veloppement durable.</subfield>
    <subfield code="2">ram</subfield>
  </datafield>
  <datafield tag="650" ind1=" " ind2="7">
    <subfield code="a">Society.</subfield>
    <subfield code="2">ukslc</subfield>
  </datafield>
  <datafield tag="651" ind1=" " ind2="7">
    <subfield code="a">Europa.</subfield>
    <subfield code="2">swd</subfield>
  </datafield>
  <datafield tag="700" ind1="1" ind2=" ">
    <subfield code="a">Matten, Dirk,</subfield>
    <subfield code="e">author.</subfield>
  </datafield>
  <datafield tag="856" ind1="4" ind2="2">
    <subfield code="3">Companion website</subfield>
    <subfield code="u">http://www.oxfordtextbooks.co.uk/orc/cranebe4e</subfield>
  </datafield>
  <datafield tag="942" ind1=" " ind2=" ">
    <subfield code="2">ddc</subfield>
    <subfield code="c">BK</subfield>
    <subfield code="h">174.4</subfield>
    <subfield code="i">CRA/B</subfield>
    <subfield code="k">174.4</subfield>
    <subfield code="m">CRA/B</subfield>
  </datafield>
  <datafield tag="952" ind1=" " ind2=" ">
    <subfield code="0">0</subfield>
    <subfield code="1">0</subfield>
    <subfield code="2">ddc</subfield>
    <subfield code="4">0</subfield>
    <subfield code="7">0</subfield>
    <subfield code="8">ETHICS</subfield>
    <subfield code="a">MES</subfield>
    <subfield code="b">MES</subfield>
    <subfield code="c">ETHICS</subfield>
    <subfield code="d">2025-06-10</subfield>
    <subfield code="l">0</subfield>
    <subfield code="o">174.4 CRA/B</subfield>
    <subfield code="p">45974</subfield>
    <subfield code="r">2025-06-10 13:33:03</subfield>
    <subfield code="w">2025-06-10</subfield>
    <subfield code="y">BK</subfield>
  </datafield>
  <datafield tag="999" ind1=" " ind2=" ">
    <subfield code="c">44555</subfield>
    <subfield code="d">44555</subfield>
  </datafield>
</record>
